| 000 | 01033nam a22003017a 4500 | ||
|---|---|---|---|
| 003 | URS | ||
| 005 | 20260223164114.0 | ||
| 008 | 260211t2024 us ||||| |||| 001 0 eng d | ||
| 020 | _a9780357800560 | ||
| 040 |
_aDLC _beng _cDLC _dDLC _dURS _erda |
||
| 082 |
_bB874 2024 _a909 |
||
| 100 |
_aBulliet, Richard W. _eauthor |
||
| 245 |
_aThe earth and its peoples : _ba global history volume II: Since 1500 / _cRichard W. Bulliet, Steven W. Hirsch, and Lyman L. Johnson. |
||
| 264 |
_aUnited States: _bCengage Learning, Inc., _c[2024] |
||
| 300 |
_axxiii, various pages; _c28 cm. |
||
| 336 |
_2rdacontent _atext _btxt |
||
| 337 |
_2rdamedia _aunmediated _bn |
||
| 338 |
_2rdacarier _avolume _bnc |
||
| 504 | _aIncludes bibliographical references, and indexes. | ||
| 650 | _aWorld history. | ||
| 650 |
_aCivilization _zHistory |
||
| 650 |
_aHuman Geography _zHistory |
||
| 650 |
_aCulture _zHistory |
||
| 650 |
_aGlobalization _zHistory |
||
| 700 |
_aHirsch, Steven W. _eauthor |
||
| 700 |
_aJohnson, Lyman L. _eauthor |
||
| 942 |
_2ddc _cFR |
||
| 999 |
_c98799 _d98796 |
||